| 000 | 00801am a2200277a 44500 | ||
|---|---|---|---|
| 003 | AR-BaBNM | ||
| 005 | 20251128211136.0 | ||
| 008 | 162120s1987 #AR|||||||||||000 | esp|| | ||
| 020 | _a950-614-690-X | ||
| 040 | _cAR-BaBNM | ||
| 100 | 1 | _aZinny, Antonio | |
| 245 | 1 | 0 |
_aHistoria de los gobernadores de las provincias argentinas _nIII, parte II |
| 260 |
_aBuenos Aires _bHyspamérica _c1987 |
||
| 300 | _a453 p. | ||
| 490 | 0 |
_aBiblioteca Argentina de Historia y PolĂtica _vv. 83 |
|
| 650 | 4 | _aHISTORIA ARGENTINA | |
| 650 | 4 | _aSIGLO DIECINUEVE | |
| 650 | 4 | _aHISTORIA MENDOCINA | |
| 650 | 4 | _aPARTIDOS POLITICOS ARGENTINOS | |
| 650 | 4 | _aHISTORIA POLITICA | |
| 650 | 4 | _aHISTORIA SOCIAL | |
| 650 | 4 | _aHISTORIA SANJUANINA | |
| 800 | 1 | _aCostantini, Pablo | |
| 942 | _cBK | ||
| 998 | _cmariana | ||
| 999 |
_c18427 _d18427 |
||